| 000 | 01273cam a2200409Mi 4500 | ||
|---|---|---|---|
| 001 | 95490 | ||
| 005 | 20230410142348.0 | ||
| 008 | 060411s2005 sp 000 0 spa d | ||
| 035 | _a(OCoLC)ocn254975474 | ||
| 040 |
_aGyGoGBV _erakwb _bger _cGBVCP _dCHVBK |
||
| 020 | _a8496467074 | ||
| 020 | _a9788496467071 | ||
| 029 | 1 |
_aCHVBK _b019433581 |
|
| 035 | _a(OCoLC)254975474 | ||
| 050 | 1 | 4 | _aBX1735 |
| 084 |
_a11.54 ; Katholizismus _2bcc |
||
| 084 |
_a15.66 ; Spanien, Portugal <Geschichte> _2bcc |
||
| 084 |
_a7,34 _2ssg |
||
| 049 | _aGRAL | ||
| 100 | 1 | _aEscudero, Jose Antonio. | |
| 245 | 1 | 0 |
_aEstudios sobre la Inquisición / _cJosé Antonio Escudero. |
| 260 |
_aMadrid : _bMarcial Pons [u.a.], _c2005. |
||
| 300 | _a438 p. | ||
| 440 | 0 | _aHistoria | |
| 500 | _aLiteraturangaben. | ||
| 650 | 0 |
_aInquisition _zSpain. |
|
| 653 | 0 | _aAufsatzsammlung | |
| 653 | 0 | _aInquisition ; SWD-ID: 40271067 | |
| 653 | 0 | _aSpanien ; SWD-ID: 40559646 | |
| 650 | 7 |
_aInquisition _zSpanien. _2idsbb |
|
| 650 | 7 |
_aInquisition _zSpanien _xGeschichte _vAufsatzsammlung. _2idszbz |
|
| 651 | 7 |
_aSpanien _xInquisition _xGeschichte _vAufsatzsammlung. _2idszbz |
|
| 856 | 4 | _uhttp://www.gbv.de/dms/sub-hamburg/510339611.pdf | |
| 942 |
_2lcc _cbk |
||
| 994 |
_aC0 _bDRFGD |
||
| 946 | _aJP | ||
| 999 |
_c94303 _d94303 |
||